World economy in transition: An Indian renspective (Record no. 83481)

MARC details
000 -LEADER
fixed length control field 00398nam a2200157Ia 4500
008 - FIXED-LENGTH DATA ELEMENTS--GENERAL INFORMATION
fixed length control field 230917s9999||||xx |||||||||||||| ||und||
020 ## - ISBN
Price RS200
040 ## - CATALOGING SOURCE
-- 14159
Original cataloging agency VIVEKANANDA LIBRARY
041 ## - Language
-- English
082 ## - DDC NUMBER
Classification number 330.9048 B469W
100 ## - MAIN ENTRY--PERSONAL NAME
Personal name Bhalla, G S, ed.
245 #0 - TITLE STATEMENT
Title World economy in transition: An Indian renspective
260 ## - PUBLICATION, DISTRIBUTION, ETC. (IMPRINT)
Place of publication, distribution, etc New Delhi
Name of publisher, distributor, etc Har-Anand
Date of publication, distribution, etc 1992
300 ## - PHYSICAL DESCRIPTION
Pages 218 p.
942 ## - ADDED ENTRY ELEMENTS (KOHA)
Koha item type Books
Holdings
Withdrawn status Lost status Damaged status Not for loan Location (home branch) Sublocation or collection (holding branch) Date acquired Koha issues (times borrowed) Koha full call number Accession No. Koha date last seen Koha item type
        VIVEKANANDA LIBRARY VIVEKANANDA LIBRARY 08/08/2002   330.9048 B469W 160936 17/09/2023 Books
© Designed and Maintained by Vivekananda Library, MDU Rohtak